Tous les sites UNESCO de Roumanie sur une carte - Statistiques

Statistiques générales
  • Ce quiz a été pris 32 fois
  • Le résultat moyen est 5 sur 11
Réponses sur la Carte
Les réponses sont colorées sur une échelle allant du rouge au vert en fonction du pourcentage des utilisateurs qui les ont devinées à leur premier essai. Vous pouvez retrouver ces pourcentages ci-dessous.
 
Statistiques - réponses
Réponse % Correct
Delta du Danube
83%
Églises de Moldavie
72%
Sites villageois avec églises fortifiées de Transylvanie
61%
Monastère de Horezu
44%
Centre historique de Sighişoara
39%
Ensemble « Églises en bois de Maramureş »
39%
Ensemble monumental de Brâncuși à Târgu Jiu
39%
Frontières de l’Empire romain – Dacie
39%
Forêts primaires et anciennes de hêtres d’Europe
22%
Forteresses daces des monts d’Orastie
22%
Paysage minier de Roșia Montană
22%
Aucun quiz correspondant
Distribution des résultats
% des personnes avec chaque résultat
Percentile par nombre de réponses
Votre historique - résultats
Vous n’avez pas pris ce quiz